[Event "EST-ch int"]
[Site "Puhajarve"]
[Date "2001.08.15"]
[Round "8"]
[White "Zjukin, Sergei"]
[Black "Kulaots, Kaido"]
[Result "1/2-1/2"]
[WhiteElo "2415"]
[BlackElo "2529"]
[Annotator "Tyomkin,D"]
[PlyCount "58"]
[EventDate "2001.08.08"]
[EventType "tourn"]
[EventRounds "11"]
[EventCountry "EST"]
[EventCategory "9"]
[SourceTitle "CBM 085"]
[Source "ChessBase"]
[SourceDate "2001.11.13"]
[SourceVersion "1"]
[SourceVersionDate "2001.11.13"]
[SourceQuality "1"]

1. e4 c5 2. Nf3 d6 3. d4 cxd4 4. Nxd4 Nf6 5. Nc3 a6 6. Bg5 e6 7. f4 Qc7 8. Qf3
b5 9. Bxf6 (9. f5 {is another good way for white in this line;}) 9... gxf6 10.
e5 {Other moves are worse according theory;} d5 11. exf6 Nd7 {11...b4 is very
complicative and it has to be checked properly especially if you decide to
play this line;} (11... b4 {Berelovich,A; Vaisman,A} 12. Nxd5 $5 exd5 13. O-O-O
Nd7 $146 (13... Bb7) 14. Bb5 $5 (14. Qxd5 Bb7 15. Ne6 fxe6 16. Qxe6+ Kd8 17.
Be2 Bc6) 14... axb5 15. Rhe1+ Kd8 16. Qxd5 Ra6 17. Qxf7 Qxf4+ 18. Kb1 {1/2-1/2
Berelovich,A-Istratescu,A/Romania 74/287 1998/Inf 74/[Berelovich,A; Vaisman,A]
(27)}) 12. O-O-O {Black gets good play after following move of white:} (12. Bd3
Nxf6 13. a4 b4 14. Nce2 Bb7 15. O-O h5 16. c3 bxc3 17. bxc3 Bc5 18. Kh1 Ne4 {
1-0 Ernst,T-Sadler,M/Gausdal 1994/EXT 98 (47)}) 12... Nxf6 13. f5 e5 14. Nxd5
Nxd5 15. Qxd5 Bb7 16. Bxb5+ (16. Nxb5 $6 Bh6+ 17. Kb1 axb5 18. Bxb5+ Kf8 19.
Qd6+ (19. Qd7 Qxd7 20. Rxd7 Bxg2 $17) 19... Qxd6 20. Rxd6 Kg7 $15) 16... axb5
17. Nxb5 $1 $146 {[%mdl 72] After 17.Qxb5 white's compensation is suspicious.
What interesting is that Berelovich, annotator of the game below, doesn't even
mention 17.Nxb5 in his comments! Probably he just tried to keep 17.Nxb5-
improvement for another game in this variation;} (17. Qxb5+ {Berelovich} Ke7
18. f6+ Kxf6 19. Rhf1+ Kg6 20. Kb1 $1 $13 (20. Nf3 Ra5 21. Nxe5+ Qxe5 22. Qxb7
f6 $17) (20. Nf5 Be4 $1 21. Nh4+ Kg7 22. Nf5+ (22. Rxf7+ $2 Qxf7 23. Rd7 Be7
24. Qxe5+ Kg8 $19) 22... Kg8 23. Qe2 Bxf5 24. Rxf5 Bg7 $10) (20. Qd3+ $2 {
0-1 Berelovich,A-Muhutdinov,M/Moscow 1992/CBM 33/[Berelovich] (31)})) 17... Qe7
18. Nd6+ Qxd6 19. Qxb7 Bh6+ {Interesting ending arises in the following line:}
(19... Rb8 20. Rxd6 Rxb7 21. Rd5 $14 {[%cal Gh1e1,Ye1e4] This is very hard to
give exact evaluation here, but it looks like white has some winning chances
here- black bishop si quite passive piece and also white can advance his pawns
over the queenside without any difficulties;}) 20. Kb1 Qa6 21. Qd7+ $6 {
That is the only moment in the game where white's play can be improved. The
ending is semilar to the ending in the line with 19...Rb8;} (21. Qxa6 Rxa6 22.
Rhe1 f6 23. Re4 $1 $14 {[%cal Ye4a4,Ye4h4] The rook e4 controls important 4th
rank and it looks like white has winning chances here; Bishop h6 shoots to
nowhere...}) 21... Kf8 22. a3 Kg7 23. Rd6 Qe2 {Black is exactly in time to
create some play over the queenside;} 24. Qe7 (24. f6+ Kg6 {White doesn't have
enough forces to continue the attack on black king here:} 25. h4 (25. g4 {
[%cal Gd7f5]} Qe4) (25. Rd3 {[%cal Gd3g3]} Bf4 $1) 25... Rhd8 $1 26. h5+ Kg5 {
and suddenly, black king is safe on g5;}) 24... Rhc8 25. Qf6+ Kg8 26. Qxh6 {
White doesn't have any good defense of c2:} (26. c3 Rab8 $19) (26. Rc6 Qxg2 $19
{[%csl Rc6,Rh1]}) 26... Qxc2+ 27. Ka1 {[%tqu "En","How to get a draw with
black here?","","","a8a3","",10]} Rxa3+ $1 {[%mdl 64]} 28. bxa3 Qc3+ 29. Ka2
Qc2+ 1/2-1/2

[Event "HUN-ch"]
[Site "Budapest"]
[Date "1997.10.23"]
[Round "3"]
[White "Almasi, Zoltan"]
[Black "Leko, Peter"]
[Result "1/2-1/2"]
[WhiteElo "2615"]
[BlackElo "2635"]
[Annotator "Tyomkin,D"]
[PlyCount "50"]
[EventDate "1997.10.21"]
[EventType "tourn"]
[EventRounds "10"]
[EventCountry "HUN"]
[EventCategory "15"]
[SourceTitle "CBM 062"]
[Source "ChessBase"]
[SourceDate "1998.01.31"]
[SourceVersion "1"]
[SourceVersionDate "1998.01.31"]
[SourceQuality "1"]

1. e4 c5 2. Nf3 d6 3. d4 cxd4 4. Nxd4 Nf6 5. Nc3 a6 6. Bg5 e6 7. f4 Nc6 8. Nxc6
bxc6 9. e5 h6 10. Bh4 (10. exf6 hxg5 11. fxg5 gxf6 12. Qf3 d5 13. O-O-O fxg5
14. Bc4 g4 $1 $17 {Hector-Oll, Debrecen,1989}) 10... g5 11. fxg5 Nd5 12. Ne4 (
12. Nxd5 cxd5 (12... exd5 13. Qe2 hxg5 14. Bg3 Qa5+ 15. Qd2 Qxd2+ 16. Kxd2 Be6
$1 $10 {Yermolinsky-Browne, USA(ch) 1992}) 13. Qg4 $5 {Sandler} (13. Qh5 Qb6 $1
14. Be2 Bg7 15. Rf1 (15. g6 O-O 16. Bf6 Ra7 $1 17. Bxg7 Kxg7 18. gxf7 Raxf7 19.
Qg4+ $1 Kh8 20. O-O-O Qe3+ 21. Kb1 dxe5 22. Rhe1 Rg7 $15 {Mackic,-Maksimenko,
Jugo. 1994}) 15... Ra7 16. Bf2 d4 17. O-O-O dxe5 $15 {Shakarov-Odeev, corr.
1989}) 13... dxe5 $6 (13... Be7) 14. g6 f5 15. Bxd8 $1 (15. g7 fxg4 16. gxh8=Q
Qxh4+ $146) 15... fxg4 16. Bf6 Rg8 17. Bxe5 Bg7 18. Bxg7 Rxg7 19. Bd3 $16 {
Panajotov-Sandler, Albena 1989}) (12. exd6 hxg5 13. Bf2 Bxd6 14. Qd4 f6 15.
O-O-O Bf4+ 16. Kb1 Be5 17. Qd3 Nxc3+ 18. bxc3 Rb8+ $17 {Meyers-Savchenko, Bern,
1993}) 12... Qb6 (12... dxe5 {Gelfand} 13. Nf6+ Nxf6 14. Qxd8+ Kxd8 15. gxf6
$16) 13. Bd3 (13. c4 dxe5 14. cxd5 Qb4+ 15. Nc3 Qxh4+ 16. g3 Qxg5 17. dxc6 Bc5
18. Qf3 f5 19. Be2 h5 $15 {Bauer-Stangl, BRD 1990}) (13. c3 {Gelfand} dxe5 14.
Bg3 (14. g6 $5 fxg6 15. Qg4 $13) 14... hxg5 (14... Bg7 15. Nd6+ Ke7 16. Nc4 Qc7
17. Qg4 $40) (14... Nf4 15. Qf3 Qxb2 16. Rd1 $146) 15. Bxe5 Rh4 $5 16. Bd3 $1 (
16. Qf3 f5 $1 17. Nf6+ Kf7 $13) 16... f5 17. Nd2 (17. Nd6+ Bxd6 18. Bxd6 Qxb2
19. O-O Qxc3 $1 $15) 17... Bc5 18. Qe2 Qxb2 19. Rb1 Qxa2 20. g3 {Oll-Gelfand,
Debrecen 1989} Rh6 $1 21. c4 Nb4 22. Rb2 (22. Bxf5 $2 exf5 23. Bd6+ Re6 $19)
22... Nxd3+ 23. Qxd3 Qa5 $17) 13... hxg5 14. Bxg5 (14. Bf2 $1 Qxb2 15. O-O Qxe5
16. Bg3 $1 Qd4+ 17. Kh1 Ne3 18. Qf3 Nxf1 19. Rxf1 f5 20. c3 $1 Qb6 (20... g4 $6
21. Qe2 Qg7 22. Rxf5 $3 $16 {Vitolinsh-Shabalov, USSR 1990}) 21. Nxd6+ Bxd6 22.
Bxd6 $146 {Vitolinsh-Drilinsh, USSR 1990}) 14... dxe5 (14... Qxb2 {Tyomkin,D}
15. c4 $5 (15. Nf6+ Nxf6 16. Bxf6 Qc3+ 17. Ke2 Rg8 18. Rb1 Bh6 $2 (18... Rxg2+
$142) 19. g3 $16 {Solomon Stephen J-Leskiewicz Maksymilian/Ch Queensland,
Brisbane (Australia) 1995/1-0(31)}) 15... Qxe5 16. cxd5 Bg7 (16... cxd5 $2 17.
Bf6 Rxh2 18. Bxe5 Rxh1+ 19. Bf1 $18) 17. O-O $2 Qxh2+ 18. Kf2 f5 (18... Bxa1 $2
19. Qxa1 $18 {[%cal Re4d6]}) 19. Qa4 O-O 20. Nf6+ (20. Ng3 f4 $1) 20... Bxf6
21. Bxf6 Rxf6 22. Rh1 Qe5 23. Rae1 Qb2+ (23... Qxd5 $5 24. Qh4 Kf7 $1 $13) 24.
Re2 Qb6+ 25. Kf1 f4 26. dxe6 d5 $2 (26... Bxe6 $17) 27. Qa3 $18 c5 28. Qc3 d4
29. e7 Be6 30. Qc2 Bf7 (30... Re8 31. Rxe6 $18) 31. Bc4 $18 {Nataf-Hamdouchi/
Nice,1996/1-0(37)}) (14... Rxh2 $2 {Tyomkin,D} 15. Rxh2 Qg1+ 16. Bf1 Qxh2 {
[%tqu "En","","","","d1d5","",10]} 17. Qxd5 $1 exd5 18. Nf6+ Ke7 19. Ng4+ Ke6
20. Nxh2 $18 {Castaneda,N-Browne,W/World Open, Philadelphia USA 1997/1-0(26)})
15. Nf6+ Nxf6 16. Bxf6 Rh6 $1 $146 (16... Rg8 $2 {Tyomkin,D} 17. Qf3 {[%cal
Rd3h7]} Bg7 (17... Bb7 18. Be4 $1 Bg7 19. Bxg7 Rxg7 20. O-O-O $16) 18. Bh7 Rh8
19. Bxg7 Rxh7 20. Bxe5 $18 Qa5+ 21. Bc3 Qd5 22. Qg4 Rh5 23. Qg8+ Ke7 24. O-O
Rf5 25. Rxf5 Qxf5 26. Rf1 {Stillger Bernhard-Hedman Erik/It (a) (cat.3),
Budapest (Hungary) 1995/1-0(29)}) 17. Bxe5 $6 (17. Qf3 $1 $146 Bb7 (17... Bb4+
$6 18. c3 Bd6 19. O-O-O Rb8 20. Rd2 Bb7 21. Be4 $16) (17... Bd6 18. Rd1 Bb7 19.
Be4 $13) 18. O-O-O (18. Bxe5 Qa5+ 19. Bc3 Bb4 $13) 18... e4 (18... c5 19. Qf2
e4 20. Bc4 $36 {for instance:} Qb4 21. Bg5 Rg6 22. Rhf1 f5 23. Bxe6 $1 $18) 19.
Bxe4 Rxf6 20. Qxf6 Qe3+ 21. Kb1 Qxe4 22. Rhf1 $16) 17... Qa5+ 18. Bc3 Bb4 19.
Bxb4 Qxb4+ 20. Qd2 Rb8 21. Qxb4 (21. b3 $142 $16 {Almasi}) 21... Rxb4 $44 {_|_}
22. O-O-O c5 23. h3 Bb7 24. Rd2 $6 Rg4 $1 25. Bf1 $6 (25. Rh2 $142) 25... Ke7 {
This ending is not worse for black:pieces are active,pawns e and f will be
moved soon.Perhapse white should think about a draw already.Idential ending
arising in Rauser Variation in better version for white(see for example the
game Short-Anand,Dos Hermanas,1997),and there black has also good compensation.
} (25... Ke7 26. Kd1 {[%cal Gd1e1,Ge1f2]} (26. Rf2 {[%cal Gh1h2,Yf1e2]} Rg3 27.
Rh2 Rf6 (27... Rh4 28. Be2 f5 29. Bf3 Bxf3 30. Rxf3 Rxf3 31. gxf3 Kf6 $11) (
27... f5) 28. Rxf6 Kxf6 29. h4 Kg6 30. Kd2 f5) 26... f5 27. Ke1 {[%cal Gh3g4]}
Rg5 $1 (27... Rg3 $6 28. Kf2 f4 29. Rd3 Rxd3 30. Bxd3 e5 31. Re1) 28. Kf2 f4
$36 {[%cal Ge6e5,Ge5e4]}) 1/2-1/2

[Event "EU-ch 3rd"]
[Site "Batumi"]
[Date "2002.06.16"]
[Round "5"]
[White "Kotronias, Vasilios"]
[Black "Jobava, Baadur"]
[Result "1-0"]
[WhiteElo "2580"]
[BlackElo "2566"]
[Annotator "Tyomkin,D"]
[PlyCount "69"]
[EventDate "2002.06.12"]
[EventType "swiss"]
[EventRounds "13"]
[EventCountry "GEO"]
[SourceTitle "CBM 090"]
[Source "ChessBase"]
[SourceDate "2002.09.20"]
[SourceVersion "1"]
[SourceVersionDate "2002.09.20"]
[SourceQuality "1"]

1. e4 c5 2. Nf3 d6 3. d4 cxd4 4. Nxd4 Nf6 5. Nc3 a6 6. Bg5 e6 7. f4 Nbd7 8. Qf3
Qc7 9. O-O-O b5 10. Bd3 Bb7 11. Rhe1 O-O-O 12. f5 e5 13. Nb3 Be7 14. a4 $146 {
[%mdl 4] This is completely new idea in this position; Among other moves (14.
Kb1 and 14.Bxf6), 14.Kb1 causes black more troubles (V.Kotronias is the expert
of this line with white), but usually black gets some counterplay over the
queenside mainly bases on play over the semi-open c-file; 14.a4 allows 14...
Nxe4 blow which doesn't exist in above mentioned lines- 14.Kb1 Nxe4? leads to
the loss of black as it's proved below;} (14. Kb1 Nc5 (14... Kb8 15. a4 b4 16.
Bxf6 Bxf6 (16... Nxf6 $142) 17. Nd5 Bxd5 18. exd5 a5 19. Re4 Nc5 20. Rc4 Qb6
21. Nxc5 $14 {1/2-1/2 Kotronias,V-Wolff,P/Buenos Aires 1997/CBM 60 (61)}) (
14... Nxe4 $2 15. Bxe4 Bxg5 16. Bxb7+ Qxb7 17. Ne4 Be7 18. Rxd6 $18 {[%cal
Gb3a5]}) 15. Bxf6 Bxf6 16. Bf1 Na4 17. Nd5 Bxd5 18. Rxd5 Kd7 19. c4 bxc4 (19...
Nb6 20. Rd2 bxc4 21. Rc2 $16 {[%cal Gb3d2]}) 20. Rc1 Nb6 21. Bxc4 Nxc4 22. Qd3
Rc8 23. Rc5 Na3+ 24. bxa3 Qb7 25. Ka1 $14 {1/2-1/2 Kotronias,V-Dominguez,L/
Linares ESP 2002/The Week in Chess 383 (57)}) (14. Bxf6 Nxf6 15. Nd5 Nxd5 16.
exd5 Kb8 17. Kb1 (17. Bf1 Rc8 18. Qf2 Bd8 19. Re4 Qb6 ({Amazing idea has been
shown by Fritz 7:} 19... Bxd5 $5 20. Rxd5 Qc6 {and there is no piece to
protect Rd5!!} 21. Qd2 $140 Bg5 {[%csl Rc2]}) 20. Qd2 a5 21. Kb1 g6 $15 {
1/2-1/2 Grabarczyk,B-Kuczynski,R/Glogow POL 2001/The Week in Chess 364 (67)}) (
17. g3 Qb6 18. Kb1 Rc8 19. Bf1 Rc7 20. Re4 Rhc8 21. c3 a5 $132 {1/2-1/2
Jakubiec,A-Kuczynski,R/Polanica Zdroj POL 1999 (72)}) 17... Rc8 18. c3 (18. Be4
Qb6 19. g3 h6 20. a3 Ka7 21. h4 Rc7 22. Re3 Rhc8 23. Qe2 Bd8 24. Qe1 Rc4 25.
Qe2 R4c7 $11 {0-1 Stripunsky,A-Lutz,C/Passau 1997/EXT 99 (48)}) 18... Bf6 (
18... Qb6 19. Bf1 Ka7 (19... Bg5 20. Re4 g6 21. f6 Qd8 22. a4 $1 Qxf6 23. Qe2
Rc4 24. axb5 axb5 25. Rxc4 bxc4 26. Qxc4 Qf4 27. Qb5 $40 {1-0 Timoshenko,G-Van
den Doel,E/Cappelle la Grande 1998/CBM 63 ext (38)}) 20. Re4 a5 21. Qd3 a4 22.
Nd2 (22. Nd4 $1 exd4 23. Rxe7 dxc3 24. bxc3 $16 {[%csl Rf7][%cal Gd3b5]}) 22...
Rc5 23. c4 Kb8 24. Qg3 Bf6 25. cxb5 Rxd5 26. Rxa4 e4 $1 $17 {[%csl Rb1][%cal
Gd5b5] 0-1 Grabarczyk,B-Kuczynski,R/Plock 2000/CBM 78 (41)}) 19. a3 Qb6 20. Bf1
Ka7 21. Re4 a5 22. Qd3 Ba6 23. a4 Rb8 24. Qe3 Qxe3 $11 {1/2-1/2 Baklan,
V-Kuczynski,R/Ohrid 2001/CBM 84 (59)}) 14... b4 $6 {14.a4 move has found ti's
proof in this game, while 14...Nxe4 may work for black:} (14... Nxe4 $5 15.
Bxe4 (15. Bxe7 Nxc3 16. Bxd8 Rxd8 $17) 15... Bxg5+ 16. Kb1 {[%csl Rd5]} bxa4
17. Nxa4 {diverting the knight from d5;} Nf6 18. Bxb7+ Qxb7 19. Qc3+ Qc7 $8 (
19... Kb8 20. Na5 {[%cal Ga5c6]}) 20. Qd3 Kb7 {blacki king remains open, but
on the other hand white doesn't have any direct attack, so this line can be
considered as playable for black;}) (14... bxa4 $6 15. Nxa4 d5 16. exd5 Nxd5
17. Bxe7 Nxe7 18. Be4 $16) 15. Bxf6 Nxf6 16. Nd5 Nxd5 17. exd5 a5 18. Re4 {
[%csl Gc4] comparing this position with semilar in 14.Kb1 and 14.Bxf6 lines,
there is one big difference here- white has reached c4 square for the rook;} (
18. Qe2 {[%cal Gd3a6]} Kb8 19. Ba6 Ba8 20. Qb5+ Ka7 {[%cal Gd8b8] and white
can't grab a5-pawn;}) 18... Kb8 (18... Bxd5 $4 19. Ba6+ Bb7 20. Bxb7+ Qxb7 21.
Nxa5 $18) 19. Rc4 (19. Bb5 {[%cal Ge4c4,Gb5c6]} Rc8 20. Rc4 Qb6 21. Bc6 Rc7 {
[%cal Gh8c8] and black is getting rid of pressure over c-file;}) 19... Qb6 20.
Be4 h5 (20... Rc8 $142 {would be very natural move, but black leads another
interesting plan which doesn't hurt black position;}) 21. Kb1 h4 22. Ka2 Bg5
23. c3 {That's the only way for white to play for the win and it fins it's
tactical proof in the 23...Rc8 line;} Be3 $2 (23... Rc8 $142 $1 24. Rc6 $1 {
in other lines black is just great; But Kotronias was forced to see this blow
and I an quite sure he had seen it;} Bxc6 25. dxc6 bxc3 26. Qxc3 Kc7 $1 {
[%cal Yc8a8,Yc7d6]} 27. Nxa5 Ra8 28. Rd5 $16 {[%cal Gd5b5]}) 24. cxb4 axb4 25.
Re1 (25. Bd3 {[%cal Ga4a5,Yc4b4] would create black troubles around b4-pawn-
a4-a5 is immediate threat; But inclusion of Re1 Bf4 moves (game line) doesn't
change much;}) 25... Bf4 26. Bd3 $16 Ka8 $2 {Now the game can not be saved;} (
26... Qa7 27. Rxb4 $16) 27. a5 Qa7 28. Rc7 $1 $18 {[%csl Rf7][%cal Ga5a6]
That's the main lack of Ka8 move- white got to the 7th;} Qb8 29. Rxf7 Qc8 30.
Bb5 (30. Rxg7 {white could collect up some more pawns, but 30.Bb5 is even
stronger!}) 30... Rhf8 31. Rxg7 Rxf5 32. a6 $1 e4 (32... Bxa6 33. Bc6+ (33. Qf2
{-same;}) 33... Kb8 34. Qf2 $18 {[%cal Gf2a7]}) 33. axb7+ Qxb7 34. Rxb7 exf3
35. Bc6 {My Fritz shows mate in 7 ;-)} 1-0